[Event "YUG-chT"]
[Site "Nis"]
[Date "1995.??.??"]
[Round "?"]
[White "Velickovic, Bratislav"]
[Black "Perunovic, Ljubivoje"]
[Result "0-1"]
[WhiteElo "2025"]
[BlackElo "2290"]
[PlyCount "112"]
[EventDate "1995.??.??"]
[EventType "team-swiss"]
[EventRounds "11"]
[EventCountry "YUG"]
[SourceTitle "EXT 2000"]
[Source "ChessBase"]
[SourceDate "1999.11.16"]
[SourceVersion "1"]
[SourceVersionDate "1999.11.16"]
[SourceQuality "1"]

1. d4 c5 2. Nf3 Nf6 3. g3 g6 4. Bg2 Bg7 5. 0-0 0-0 6. e3 d5 7. b3 Nc6 8. Bb2 Ne4 9. Nbd2 Bf5 10. Nh4 cxd4 11. Nxf5 gxf5 12. Nxe4 dxe4 13. exd4 Nxd4 14. c4 Qb6 15. Rb1 e6 16. Qh5 Rfd8 17. Kh1 Rd7 18. Rbd1 Rad8 19. Rd2 Qa5 20. Rfd1 Qe5 21. Qg5 Qf6 22. Qxf6 Bxf6 23. Bxd4 Rxd4 24. Rxd4 Rxd4 25. Rxd4 Bxd4 26. Kg1 b6 27. Kf1 Kg7 28. Ke2 Kf6 29. f3 Ke5 30. fxe4 fxe4 31. Bf1 Bg1 32. h3 f5 33. Bg2 Kd4 34. Bh1 e5 35. g4 f4 36. h4 f3+ 37. Kf1 Be3 38. Ke1 h6 39. Kd1 Bf4 40. a4 a5 41. Kc2 Ke3 42. b4 Kf2 43. bxa5 bxa5 44. c5 Be3 45. c6 Bb6 46. g5 e3 47. Bxf3 Kxf3 48. gxh6 e2 49. h7 e1Q 50. h8Q Qe4+ 51. Kc3 Qxc6+ 52. Kb3 Qd5+ 53. Ka3 Qd3+ 54. Kb2 Bd4+ 55. Kc1 Qc3+ 56. Kd1 Qb3+ 0-1